La Clase obrera y la política exterior /

Uloženo v:
Podrobná bibliografie
Hlavní autor: Yankovlev, Piotr
Médium: Text
Tagy: Přidat tag
Žádné tagy, Buďte první, kdo vytvoří štítek k tomuto záznamu!

MARC

LEADER 00000 a a2200000 04500
001 641
003
040
100 |a Yankovlev, Piotr  
245 |a La Clase obrera y la política exterior /  |c Piotr Yankovlev 
773 |g número 3; páginas 4-22  
999 |c 37082  |d 37082